| 000 | 00699nam a22001937a 4500 | ||
|---|---|---|---|
| 005 | 20100726153121.0 | ||
| 010 | _aENG-97008 | ||
| 020 |
_a8175245913 _c700.00 |
||
| 035 | _aEN-80541 | ||
| 037 | _bDBAD/PUB | ||
| 082 | _a612.042 | ||
| 100 |
_aTuppekar, Rajendra _91546 |
||
| 245 |
_aSports and exerxise physiology / _cby Rajendra Tuppekar |
||
| 260 |
_aNew delhi _bKhel Sahitya Kendra _c2010 |
||
| 270 |
_a7/26, Ansari Road, Daryaganj _bNew Delhi _e110002 |
||
| 300 |
_a328p. _c22cm (Hb) |
||
| 942 |
_2ddc _cEN _h612.042 _mTUP |
||
| 999 |
_c37771 _d37771 |
||